000 00658nam a2200229Ia 4500
003 OSt
005 20220928113716.0
006 a|||||r|||| 00| 0
007 ta
008 220927b |||||||| |||| 00| 0 eng d
024 _a37417
037 _cReference Collections
040 _aSDCL
_cSDCL
_beng
041 _2eng
_aeng
082 _aX:75.41'Pg, N7 RR
100 _aHudson Christopher Ed.
_9434617
245 0 _aChina handbook.
260 _aChicago
_bFitzroy Dearborn Publishers
_c1997
300 _avii,333p
_ccm.
942 _hX:75.41'Pg, N7 RR
_cREF
_2CC
999 _c750922
_d750922